000 01076nam a2200349Ia 4500
003 OSt
005 20220912144656.0
006 a|||||r|||| 00| 0
007 ta
008 220909b |||||||| |||| 00| 0 eng d
020 _a9781608076734 (hbk)
020 _aSL01562897
024 _a193129
037 _b2862, 27/02/2015, Ashutosh Technical Books
037 _cTextual
040 _aCSL
_beng
_cCSL
041 _aeng
082 _aD65,8(B):B9,78g, Q4
100 _aElbert Bruce
245 0 _aSatellite communication ground segment and earth station handbook
250 _a2
260 _aNorwood
_bAH
_c2014
300 _axvii, 444p. ill.
500 _aIndex 429-444p.
650 _a Earth station RF design and equipment
650 _a Fixed and mobile user terminals
650 _a Space-ground interface requirement
650 _aEarth station design philosophy
700 _aElbert Bruce
942 _hD65,8(B):B9,78g, Q4
_cTEXL
_2CC
999 _c15490
_d15490